[Event "CYCC U12"]
[Site "Quebec CAN"]
[Date "2008.07.15"]
[Round "4"]
[White "Gagnon, Justin"]
[Black "Florea, Alexandru"]
[Result "1/2-1/2"]
[WhiteElo "1577"]
[BlackElo "1824"]
[PlyCount "104"]
[GameId "2160767910354054"]
[EventDate "2008.07.14"]
[EventType "swiss"]
[EventRounds "7"]
[EventCountry "CAN"]
[SourceTitle "EXT 2011"]
[Source "ChessBase"]
[SourceDate "2011.11.26"]
[SourceVersion "1"]
[SourceVersionDate "2011.11.26"]
[SourceQuality "1"]

1. e4 c5 2. Nf3 d6 3. d4 cxd4 4. Nxd4 Nf6 5. Nc3 g6 6. Bg5 Bg7 7. f4 Nc6 8. Bb5 Bd7 9. Bxc6 Bxc6 10. Nxc6 bxc6 11. Qd3 O-O 12. O-O-O Qb6 13. b3 Ng4 14. Bh4 Qb4 15. Be1 Nf2 16. Bxf2 Bxc3 17. Rdf1 d5 18. Be1 Qa3+ 19. Kd1 Bxe1 20. Rxe1 dxe4 21. Qxe4 Qxa2 22. Ke2 Qa6+ 23. Kf3 Qa5 24. Qxc6 Rac8 25. Qe4 Rc3+ 26. Re3 Rd8 27. Rhe1 Qh5+ 28. Kg3 Qc5 29. Rxc3 Qxc3+ 30. Re3 Qd2 31. Qxe7 Rc8 32. Re2 Qd1 33. Qe4 h5 34. h3 Qg1 35. Qd3 Kg7 36. Rd2 h4+ 37. Kxh4 Qe1+ 38. Kg4 Re8 39. Qd4+ Kh6 40. Qf2 Qa1 41. Qh4+ Kg7 42. Qf2 Kh7 43. Rd7 Kg8 44. Rxa7 Qc3 45. Ra4 Re3 46. Rc4 f5+ 47. Kg5 Rg3+ 48. Kh4 Rxg2 49. Qxg2 Qe1+ 50. Qg3 Qe7+ 51. Qg5 Qe1+ 52. Qg3 Qe7+ 1/2-1/2

[Event "CYCC U12"]
[Site "Quebec CAN"]
[Date "2008.07.15"]
[Round "4"]
[White "Kaufman, Elliot"]
[Black "Chuchin, Sasha"]
[Result "1-0"]
[WhiteElo "1412"]
[BlackElo "1124"]
[PlyCount "111"]
[GameId "2160767910354055"]
[EventDate "2008.07.14"]
[EventType "swiss"]
[EventRounds "7"]
[EventCountry "CAN"]
[SourceTitle "EXT 2011"]
[Source "ChessBase"]
[SourceDate "2011.11.26"]
[SourceVersion "1"]
[SourceVersionDate "2011.11.26"]
[SourceQuality "1"]

1. e4 e5 2. Nf3 Nf6 3. Nxe5 d6 4. Nf3 Nxe4 5. d4 d5 6. Bd3 Qe7 7. Qe2 Nf6 8. Qxe7+ Bxe7 9. Bf4 c6 10. h3 O-O 11. Nbd2 Bb4 12. c3 Be7 13. O-O-O Rd8 14. Rdg1 Bd6 15. Bxd6 Rxd6 16. g4 h6 17. Ne5 Nbd7 18. f3 Re6 19. f4 Nxe5 20. fxe5 Nh7 21. h4 g6 22. Rh2 Bd7 23. Rf2 Rf8 24. Rgf1 Kg7 25. h5 b5 26. Nb3 Ree8 27. Na5 Rb8 28. Nb3 Bxg4 29. Nc5 a5 30. Rg1 Be6 31. hxg6 Ng5 32. gxf7 Rxf7 33. Nxe6+ Kh8 34. Rxf7 Nxf7 35. Rg7 Ng5 36. Rg6 Nxe6 37. Rxh6+ Kg7 38. Rxe6 Rc8 39. Bf5 Rc7 40. Rd6 Rf7 41. Rd7 Rxd7 42. Bxd7 b4 43. Bxc6 bxc3 44. bxc3 Kf7 45. Bxd5+ Ke7 46. c4 a4 47. Be4 a3 48. d5 Kd7 49. c5 Kc7 50. c6 Kd8 51. d6 Kc8 52. d7+ Kd8 53. e6 Ke7 54. c7 Kf8 55. c8=Q+ Ke7 56. d8=Q# 1-0

[Event "CYCC U12"]
[Site "Quebec CAN"]
[Date "2008.07.15"]
[Round "4"]
[White "Lai, Jonathan"]
[Black "Tetreault Labarge, Pierre"]
[Result "1-0"]
[WhiteElo "1563"]
[BlackElo "992"]
[PlyCount "83"]
[GameId "2160767910354056"]
[EventDate "2008.07.14"]
[EventType "swiss"]
[EventRounds "7"]
[EventCountry "CAN"]
[SourceTitle "EXT 2011"]
[Source "ChessBase"]
[SourceDate "2011.11.26"]
[SourceVersion "1"]
[SourceVersionDate "2011.11.26"]
[SourceQuality "1"]

1. e4 e5 2. Nf3 d6 3. d4 Bg4 4. dxe5 dxe5 5. Qxd8+ Kxd8 6. Nxe5 Be6 7. Bc4 Nf6 8. Bxe6 fxe6 9. Nf7+ Ke8 10. Nxh8 Nxe4 11. O-O Bc5 12. Nd2 Ng5 13. Nb3 Bb4 14. Bxg5 h6 15. Bd2 Bd6 16. Rfe1 e5 17. Bc3 Nc6 18. Ng6 Kf7 19. Nxe5+ Nxe5 20. Bxe5 Bxe5 21. Rxe5 Kf6 22. Rae1 Rd8 23. Re8 Rxe8 24. Rxe8 Kf7 25. Rc8 c6 26. Rc7+ Ke6 27. Rxb7 a6 28. Rxg7 h5 29. Rg5 h4 30. f4 c5 31. Nxc5+ Kd6 32. Nxa6 Kc6 33. f5 Kd6 34. b4 Kd5 35. c4+ Kxc4 36. f6 Kc3 37. f7 Kc2 38. f8=Q Kb2 39. Qf2+ Ka1 40. Rf5 h3 41. Re5 hxg2 42. Re1# 1-0

[Event "CYCC U12"]
[Site "Quebec CAN"]
[Date "2008.07.15"]
[Round "4"]
[White "Lepine, Cedric"]
[Black "Zhang, Zhiyuan"]
[Result "0-1"]
[WhiteElo "1541"]
[BlackElo "1694"]
[PlyCount "102"]
[GameId "2160767910354057"]
[EventDate "2008.07.14"]
[EventType "swiss"]
[EventRounds "7"]
[EventCountry "CAN"]
[SourceTitle "EXT 2011"]
[Source "ChessBase"]
[SourceDate "2011.11.26"]
[SourceVersion "1"]
[SourceVersionDate "2011.11.26"]
[SourceQuality "1"]

1. d4 Nf6 2. c4 e6 3. Nc3 Bb4 4. Bd2 c5 5. e3 cxd4 6. exd4 d5 7. c5 Nc6 8. Bb5 Bd7 9. Nf3 Ne4 10. Bxc6 Bxc6 11. Ne5 Nxd2 12. Nxc6 bxc6 13. Qxd2 Qa5 14. O-O Qd8 15. a3 Ba5 16. b4 Bc7 17. a4 Rb8 18. Rfb1 O-O 19. b5 Qd7 20. Qd3 e5 21. dxe5 Bxe5 22. b6 Rfe8 23. a5 Re6 24. Ra4 Qe7 25. g3 Qxc5 26. Rab4 Ree8 27. bxa7 Rxb4 28. Rxb4 Qxb4 29. Qa6 Ra8 30. Qxc6 Qf8 31. Nb5 Qd8 32. f4 Rxa7 33. Nxa7 Bd4+ 34. Kg2 Bxa7 35. a6 d4 36. Qb7 Qb8 37. Qc6 g6 38. Kf3 Qb3+ 39. Kg4 Qe6+ 40. Qxe6 fxe6 41. Kf3 Kf7 42. Ke4 Ke7 43. g4 Kd6 44. h4 h6 45. h5 gxh5 46. g5 hxg5 47. fxg5 Ke7 48. Kf4 Kf7 49. Kg3 Kg6 50. Kf4 d3 51. Kf3 Kxg5 0-1

[Event "CYCC U12"]
[Site "Quebec CAN"]
[Date "2008.07.15"]
[Round "4"]
[White "Leveille, Francois1"]
[Black "Itkin, David"]
[Result "0-1"]
[WhiteElo "1124"]
[BlackElo "1597"]
[PlyCount "58"]
[GameId "2160767910354058"]
[EventDate "2008.07.14"]
[EventType "swiss"]
[EventRounds "7"]
[EventCountry "CAN"]
[SourceTitle "EXT 2011"]
[Source "ChessBase"]
[SourceDate "2011.11.26"]
[SourceVersion "1"]
[SourceVersionDate "2011.11.26"]
[SourceQuality "1"]

1. e4 c5 2. Nf3 Nc6 3. d4 cxd4 4. Nxd4 Nf6 5. Nc3 e5 6. Nb3 Bb4 7. a3 Bxc3+ 8. bxc3 Nxe4 9. Bd2 Nxd2 10. Qxd2 d5 11. O-O-O Be6 12. Nc5 Qa5 13. Nxb7 Qxa3+ 14. Kb1 Rb8 15. Bb5 Rxb7 16. Qd3 a6 17. c4 Qxd3 18. Rxd3 dxc4 19. Rd6 Rxb5+ 20. Kc1 Ra5 21. Kb2 Nd4 22. Ra1 Rxa1 23. Kxa1 Nxc2+ 24. Kb2 Nd4 25. Rxa6 O-O 26. Ra5 Rb8+ 27. Kc3 Rb3+ 28. Kd2 Rb2+ 29. Ke3 Re2# 0-1

[Event "CYCC U12"]
[Site "Quebec CAN"]
[Date "2008.07.15"]
[Round "4"]
[White "Li, Chang He"]
[Black "Leu, Richard"]
[Result "1-0"]
[WhiteElo "1967"]
[BlackElo "1962"]
[PlyCount "151"]
[GameId "2160767910354059"]
[EventDate "2008.07.14"]
[EventType "swiss"]
[EventRounds "7"]
[EventCountry "CAN"]
[SourceTitle "EXT 2011"]
[Source "ChessBase"]
[SourceDate "2011.11.26"]
[SourceVersion "1"]
[SourceVersionDate "2011.11.26"]
[SourceQuality "1"]

1. e4 c5 2. Nf3 d6 3. d4 cxd4 4. Nxd4 Nf6 5. Nc3 a6 6. Be3 e6 7. f3 Be7 8. Qd2 Qc7 9. h4 b5 10. a3 Nc6 11. O-O-O Rb8 12. Nxc6 Qxc6 13. g4 Bb7 14. g5 Nd7 15. h5 Ne5 16. Be2 Nc4 17. Bxc4 bxc4 18. g6 hxg6 19. hxg6 Rxh1 20. gxf7+ Kxf7 21. Rxh1 Bf6 22. Bg5 Be5 23. Bf4 Qc5 24. Bxe5 Qxe5 25. Rg1 Rd8 26. f4 Qh5 27. Qf2 Rd7 28. Kb1 Kf8 29. Rf1 Qh3 30. Rd1 Qg4 31. Rh1 Qg6 32. Rh8+ Ke7 33. e5 Qf5 34. Qh4+ Kf7 35. Rd8 Rxd8 36. Qxd8 dxe5 37. Qd7+ Kg6 38. Qxb7 exf4 39. Qxa6 f3 40. Qxc4 Kh5 41. Qf1 e5 42. b4 e4 43. Nd1 Qf4 44. Qf2 g5 45. b5 g4 46. b6 Qd6 47. b7 Qxd1+ 48. Kb2 Qd8 49. Qh2+ Kg5 50. b8=Q Qf6+ 51. Qbe5+ Qxe5+ 52. Qxe5+ Kh4 53. Qxe4 Kg3 54. a4 f2 55. Qe2 Kg2 56. Qxg4+ Kh1 57. Qf3+ Kg1 58. Qxf2+ Kxf2 59. a5 Ke3 60. a6 Kd4 61. a7 Kc4 62. a8=Q Kb4 63. c4 Kxc4 64. Qa5 Kd4 65. Qb5 Ke4 66. Qc5 Kf4 67. Qd5 Kg4 68. Qe5 Kf3 69. Kc3 Kf2 70. Qe4 Kg3 71. Qf5 Kg2 72. Qg5+ Kh2 73. Kd2 Kh3 74. Ke2 Kh2 75. Kf2 Kh3 76. Qg3# 1-0

[Event "CYCC U12"]
[Site "Quebec CAN"]
[Date "2008.07.15"]
[Round "4"]
[White "Luo, Zhao Yang"]
[Black "Liu, Steven2"]
[Result "0-1"]
[WhiteElo "1795"]
[BlackElo "1656"]
[PlyCount "116"]
[GameId "2160767910354060"]
[EventDate "2008.07.14"]
[EventType "swiss"]
[EventRounds "7"]
[EventCountry "CAN"]
[SourceTitle "EXT 2011"]
[Source "ChessBase"]
[SourceDate "2011.11.26"]
[SourceVersion "1"]
[SourceVersionDate "2011.11.26"]
[SourceQuality "1"]

1. e4 c6 2. d4 d5 3. Nc3 dxe4 4. Nxe4 Bf5 5. Ng3 Bg6 6. Nf3 Nd7 7. Bd3 Bxd3 8. Qxd3 Ngf6 9. O-O Qc7 10. Re1 e6 11. c3 O-O-O 12. Qc2 Bd6 13. Be3 Nd5 14. c4 Nxe3 15. Rxe3 Nf6 16. Qa4 Kb8 17. c5 Bxg3 18. hxg3 h6 19. Ra3 a6 20. Rb3 Ka7 21. Rd1 Ne4 22. Rdd3 Rd5 23. Re3 Ng5 24. Rb6 Nxf3+ 25. Rxf3 Rhd8 26. Ra3 Qc8 27. Qb3 Qc7 28. Qa4 Qc8 29. Qa5 Ka8 30. Rab3 R8d7 31. R6b4 Rxd4 32. Rxd4 Rxd4 33. Qc3 Qd7 34. Kf1 Qd5 35. Qa5 Re4 36. Re3 Qd1+ 37. Qe1 Qxe1+ 38. Kxe1 Rxe3+ 39. fxe3 b6 40. b4 a5 41. a3 Ka7 42. Kd2 bxc5 43. bxc5 Ka6 44. a4 Kb7 45. Kd3 Kc7 46. Kd4 f6 47. Ke4 Kd7 48. Kf4 g6 49. g4 e5+ 50. Kf3 Ke6 51. e4 f5 52. g3 Kf6 53. gxf5 gxf5 54. g4 f4 55. Kg2 Kg5 56. Kh3 f3 57. Kg3 f2 58. Kxf2 Kxg4 0-1

[Event "CYCC U12"]
[Site "Quebec CAN"]
[Date "2008.07.15"]
[Round "4"]
[White "Nunez-Painchaud, Raphael"]
[Black "Cheng, Guy"]
[Result "1-0"]
[WhiteElo "1686"]
[BlackElo "894"]
[PlyCount "65"]
[GameId "2160767910354061"]
[EventDate "2008.07.14"]
[EventType "swiss"]
[EventRounds "7"]
[EventCountry "CAN"]
[SourceTitle "EXT 2011"]
[Source "ChessBase"]
[SourceDate "2011.11.26"]
[SourceVersion "1"]
[SourceVersionDate "2011.11.26"]
[SourceQuality "1"]

1. c4 e5 2. Nc3 Nf6 3. g3 Bc5 4. Bg2 d6 5. e3 Nc6 6. Nge2 Be6 7. d4 exd4 8. exd4 Bb4 9. d5 Bxc3+ 10. bxc3 Qd7 11. O-O Rb8 12. dxe6 fxe6 13. Nd4 Ne5 14. Re1 O-O 15. Bf4 Rfe8 16. Bxe5 dxe5 17. Rxe5 c6 18. Qe2 Qf7 19. Bh3 Kh8 20. Re1 h6 21. Rxe6 Qf8 22. Bf5 c5 23. Bg6 Rxe6 24. Nxe6 Qg8 25. Nf4 a6 26. Qd3 b5 27. Re7 Rd8 28. Qc2 Rd7 29. Bf7 Qd8 30. Ng6+ Kh7 31. Nf8+ Kh8 32. Qh7+ Nxh7 33. Ng6# 1-0

[Event "CYCC U12"]
[Site "Quebec CAN"]
[Date "2008.07.15"]
[Round "4"]
[White "Pecherski, Daniel"]
[Black "Farrant-Diaz, Nathan"]
[Result "1-0"]
[WhiteElo "1740"]
[BlackElo "1571"]
[PlyCount "55"]
[GameId "2160767910354062"]
[EventDate "2008.07.14"]
[EventType "swiss"]
[EventRounds "7"]
[EventCountry "CAN"]
[SourceTitle "EXT 2011"]
[Source "ChessBase"]
[SourceDate "2011.11.26"]
[SourceVersion "1"]
[SourceVersionDate "2011.11.26"]
[SourceQuality "1"]

1. d4 b6 2. e4 Bb7 3. Bd3 Nf6 4. f3 e6 5. Ne2 c5 6. c4 cxd4 7. Nxd4 Bc5 8. Nb3 d6 9. Nxc5 dxc5 10. O-O O-O 11. Bg5 h6 12. Bh4 Nc6 13. Qe2 e5 14. Nc3 Qd6 15. Nd5 Nd4 16. Nxf6+ gxf6 17. Qe3 Kh7 18. f4 Rad8 19. fxe5 Nf5 20. exd6 Nxe3 21. Rxf6 Ng4 22. Rxf7+ Rxf7 23. Bxd8 Ne5 24. Bc2 Rd7 25. Bf6 Nxc4 26. e5+ Kg8 27. Bf5 Rd8 28. Bxd8 1-0

[Event "CYCC U12"]
[Site "Quebec CAN"]
[Date "2008.07.15"]
[Round "4"]
[White "Sohal, Tanraj"]
[Black "Qin, Zi Yi (Joey)"]
[Result "0-1"]
[WhiteElo "1876"]
[BlackElo "2194"]
[PlyCount "58"]
[GameId "2160767910354063"]
[EventDate "2008.07.14"]
[EventType "swiss"]
[EventRounds "7"]
[EventCountry "CAN"]

1. d4 Nf6 2. c4 e6 3. Nc3 Bb4 4. Qc2 d5 5. cxd5 c5 6. dxe6 cxd4 7. exf7+ Kxf7 8. a3 Ba5 9. b4 dxc3 10. bxa5 Qxa5 11. e3 Be6 12. Rb1 Nbd7 13. Rb5 Qc7 14. Nf3 h6 15. Bd3 Rhd8 16. O-O a6 17. Rb1 Kg8 18. Nd4 Bd5 19. Bf5 Qe5 20. Qxc3 Rac8 21. Qb2 Ne4 22. Ne6 Nc3 23. Nxd8 Qxf5 24. Ra1 Bxg2 25. Kxg2 Qg4+ 26. Kh1 Qf3+ 27. Kg1 Ne2+ 28. Qxe2 Qxe2 29. Ne6 Qg4+ 0-1

[Event "CYCC U12"]
[Site "Quebec CAN"]
[Date "2008.07.15"]
[Round "4"]
[White "Violette, Sebastien"]
[Black "Robichaud, Nicolas"]
[Result "0-1"]
[WhiteElo "1090"]
[BlackElo "1051"]
[PlyCount "114"]
[GameId "2160767910354064"]
[EventDate "2008.07.14"]
[EventType "swiss"]
[EventRounds "7"]
[EventCountry "CAN"]
[SourceTitle "EXT 2011"]
[Source "ChessBase"]
[SourceDate "2011.11.26"]
[SourceVersion "1"]
[SourceVersionDate "2011.11.26"]
[SourceQuality "1"]

1. e4 e5 2. Nf3 Nc6 3. Bc4 Bc5 4. Nc3 Nge7 5. O-O Ng6 6. Nd5 d6 7. c3 Be6 8. d4 Bb6 9. Ng5 O-O 10. Nxe6 fxe6 11. Nxb6 cxb6 12. dxe5 dxe5 13. Bxe6+ Kh8 14. Qxd8 Raxd8 15. Bg5 Nge7 16. f4 h6 17. Bxe7 Nxe7 18. f5 Rd2 19. Rfd1 Rxb2 20. Rd7 Nc8 21. Rad1 Kh7 22. Rd8 Rb1 23. Rxb1 Rxd8 24. Bxc8 Rxc8 25. g4 Rxc3 26. h4 Rg3+ 27. Kf2 Rxg4 28. Kf3 Rxh4 29. Rd1 Rf4+ 30. Ke3 h5 31. Rd7 h4 32. Rd2 a5 33. Rf2 h3 34. Rh2 Rh4 35. Kf3 Kh6 36. Kg3 Kh5 37. Rxh3 Rxh3+ 38. Kxh3 Kg5 39. Kg3 b5 40. Kf3 a4 41. Ke3 b4 42. Kd3 b3 43. axb3 axb3 44. Kc3 Kf4 45. Kxb3 Kxe4 46. Kb4 Kxf5 47. Kb5 g5 48. Kb6 g4 49. Kxb7 g3 50. Kc6 g2 51. Kd5 g1=Q 52. Kc4 Qd4+ 53. Kb5 Ke6 54. Ka6 Qb4 55. Ka7 Kd6 56. Ka8 Kc7 57. Ka7 Qb7# 0-1

[Event "CYCC U12"]
[Site "Quebec CAN"]
[Date "2008.07.15"]
[Round "4"]
[White "Wang, Yuekai"]
[Black "Chan, Alex H"]
[Result "1/2-1/2"]
[WhiteElo "1760"]
[BlackElo "1633"]
[PlyCount "109"]
[GameId "2160767910354065"]
[EventDate "2008.07.14"]
[EventType "swiss"]
[EventRounds "7"]
[EventCountry "CAN"]
[SourceTitle "EXT 2011"]
[Source "ChessBase"]
[SourceDate "2011.11.26"]
[SourceVersion "1"]
[SourceVersionDate "2011.11.26"]
[SourceQuality "1"]

1. e4 e5 2. Nf3 Nc6 3. Bb5 a6 4. Ba4 Nf6 5. O-O b5 6. Bb3 Be7 7. Re1 d6 8. c3 O-O 9. h3 Bb7 10. d4 Re8 11. Bc2 Bf8 12. Bg5 h6 13. Bh4 g5 14. Bg3 exd4 15. Nxd4 Nxd4 16. Qxd4 c5 17. Qd1 Bxe4 18. Nd2 Bxc2 19. Qxc2 Qd7 20. f3 d5 21. Nb3 Bd6 22. Bf2 c4 23. Nd2 Rxe1+ 24. Rxe1 Re8 25. Rxe8+ Qxe8 26. Qf5 Qe6 27. Qb1 Nd7 28. Kf1 Bc5 29. Qe1 Qxe1+ 30. Bxe1 f5 31. g4 f4 32. b4 Bb6 33. Bf2 Bxf2 34. Kxf2 Ne5 35. Ke2 Nd3 36. Nb1 Kf7 37. Na3 Ne5 38. Nc2 Nc6 39. Nd4 Nxd4+ 40. cxd4 Kg6 41. Kd2 Kf6 42. Kc3 Ke6 43. Kd2 Kd6 44. Kc3 Kc6 45. Kc2 Kb6 46. a3 Kc6 47. Kc3 Kc7 48. Kd2 a5 49. Kc3 Kd7 50. Kc2 Kc7 51. Kd2 Kd7 52. Kc2 axb4 53. axb4 h5 54. Kc3 hxg4 55. hxg4 1/2-1/2

[Event "CYCC U12"]
[Site "Quebec CAN"]
[Date "2008.07.15"]
[Round "4"]
[White "Xu, Tian Run"]
[Black "Cai, Tony"]
[Result "1-0"]
[WhiteElo "1549"]
[BlackElo "1683"]
[PlyCount "77"]
[GameId "2160767910354066"]
[EventDate "2008.07.14"]
[EventType "swiss"]
[EventRounds "7"]
[EventCountry "CAN"]
[SourceTitle "EXT 2011"]
[Source "ChessBase"]
[SourceDate "2011.11.26"]
[SourceVersion "1"]
[SourceVersionDate "2011.11.26"]
[SourceQuality "1"]

1. e4 c5 2. Nf3 Nc6 3. Bc4 e6 4. Nc3 Nf6 5. O-O Be7 6. Re1 d5 7. exd5 exd5 8. Bf1 O-O 9. d4 cxd4 10. Nxd4 Bc5 11. Be3 Re8 12. Nxc6 Qb6 13. Na4 Qxc6 14. Bxc5 Qxa4 15. Rxe8+ Qxe8 16. Qf3 Be6 17. c3 Nd7 18. Bd4 Qf8 19. Bd3 Qd6 20. Qh5 h6 21. h3 Qf4 22. Be3 Qe5 23. Qf3 Qd6 24. Bd4 a6 25. Re1 b5 26. b4 Rc8 27. Re3 Nf8 28. Qe2 Qd7 29. Rg3 f6 30. Bxf6 g5 31. Qh5 g4 32. Qxh6 Kf7 33. Qg7+ Ke8 34. Bg6+ Nxg6 35. Qxg6+ Kf8 36. Bd4 Bf7 37. Bc5+ Ke8 38. Re3+ Kd8 39. Qf6+ 1-0

[Event "CYCC U12"]
[Site "Quebec CAN"]
[Date "2008.07.16"]
[Round "5"]
[White "Cai, Tony"]
[Black "Tremblay, Kevin"]
[Result "1-0"]
[WhiteElo "1683"]
[BlackElo "1268"]
[PlyCount "99"]
[GameId "2160767910354067"]
[EventDate "2008.07.14"]
[EventType "swiss"]
[EventRounds "7"]
[EventCountry "CAN"]
[SourceTitle "EXT 2011"]
[Source "ChessBase"]
[SourceDate "2011.11.26"]
[SourceVersion "1"]
[SourceVersionDate "2011.11.26"]
[SourceQuality "1"]

1. d4 d5 2. c4 dxc4 3. Nf3 Nf6 4. Nc3 Nc6 5. e4 Bg4 6. d5 Ne5 7. Be2 Bxf3 8. gxf3 e6 9. f4 Nd3+ 10. Bxd3 cxd3 11. Qxd3 exd5 12. e5 d4 13. exf6 dxc3 14. Qe4+ Be7 15. Qxe7+ Qxe7+ 16. fxe7 cxb2 17. Bxb2 Kxe7 18. Rc1 c6 19. Bxg7 Rhe8 20. Ke2 f6 21. Rhg1 Rad8 22. f5 Kd6+ 23. Kf3 Ke5 24. Bh6 Kxf5 25. Rg7 Rd3+ 26. Be3 h5 27. Rxb7 Rg8 28. Rxa7 Rg4 29. Rxc6 Rf4+ 30. Ke2 Rxe3+ 31. fxe3 Rg4 32. Kf3 Kg5 33. a4 Kg6 34. a5 Ra4 35. a6 Ra2 36. Rb7 Rxh2 37. a7 Ra2 38. Rc8 Kf5 39. a8=Q Rxa8 40. Rxa8 h4 41. Rh8 h3 42. Rxh3 Kg6 43. Rhh7 f5 44. Kf4 Kf6 45. Rhf7+ Kg6 46. Rxf5 Kh6 47. Rb6+ Kg7 48. Ra5 Kf7 49. Ra7+ Ke8 50. Rb8# 1-0

[Event "CYCC U12"]
[Site "Quebec CAN"]
[Date "2008.07.16"]
[Round "5"]
[White "Chan, Alex H"]
[Black "Kaufman, Elliot"]
[Result "1-0"]
[WhiteElo "1633"]
[BlackElo "1412"]
[PlyCount "115"]
[GameId "2160767910354068"]
[EventDate "2008.07.14"]
[EventType "swiss"]
[EventRounds "7"]
[EventCountry "CAN"]
[SourceTitle "EXT 2011"]
[Source "ChessBase"]
[SourceDate "2011.11.26"]
[SourceVersion "1"]
[SourceVersionDate "2011.11.26"]
[SourceQuality "1"]

1. e4 c5 2. Nf3 d6 3. d4 cxd4 4. Nxd4 Nf6 5. Nc3 a6 6. f3 e6 7. Be3 b5 8. Qd2 Bb7 9. O-O-O Nbd7 10. g4 Nb6 11. h4 Nfd7 12. g5 Ne5 13. b3 Rc8 14. Bg2 d5 15. exd5 Bb4 16. Nde2 Nxd5 17. Bd4 Nxc3 18. Bxc3 Qxd2+ 19. Bxd2 Bxd2+ 20. Kxd2 Bxf3 21. Bxf3 Nxf3+ 22. Ke3 Ne5 23. c3 O-O 24. Rd6 Rc6 25. Rhd1 g6 26. Kf4 f6 27. gxf6 Rxd6 28. Rxd6 Nf7 29. Rxe6 h6 30. Rxa6 Re8 31. Nd4 g5+ 32. hxg5 hxg5+ 33. Kf3 Ne5+ 34. Kg3 Rc8 35. Nxb5 Rd8 36. Rd6 Rb8 37. Rd5 Ng6 38. Nd6 Rd8 39. Rxg5 Kh7 40. Rh5+ Kg8 41. Ne4 Kf7 42. a4 Rd3+ 43. Kf2 Rd1 44. b4 Rb1 45. Rd5 Rb2+ 46. Ke3 Rb1 47. a5 Re1+ 48. Kd4 Nf4 49. Rd7+ Kf8 50. Re7 Rd1+ 51. Kc4 Rd8 52. a6 Rc8+ 53. Kd4 Rd8+ 54. Kc4 Rc8+ 55. Kb5 Rb8+ 56. Rb7 Rd8 57. a7 Nd5 58. Nc5 1-0

[Event "CYCC U12"]
[Site "Quebec CAN"]
[Date "2008.07.16"]
[Round "5"]
[White "Chartrand, Maxime"]
[Black "Chuchin, Sasha"]
[Result "0-1"]
[WhiteElo "977"]
[BlackElo "1124"]
[PlyCount "132"]
[GameId "2160767910354069"]
[EventDate "2008.07.14"]
[EventType "swiss"]
[EventRounds "7"]
[EventCountry "CAN"]
[SourceTitle "EXT 2011"]
[Source "ChessBase"]
[SourceDate "2011.11.26"]
[SourceVersion "1"]
[SourceVersionDate "2011.11.26"]
[SourceQuality "1"]

1. e4 e5 2. Nf3 Nf6 3. Nxe5 d6 4. Nf3 Nxe4 5. Qe2 Qe7 6. Nc3 Nxc3 7. dxc3 Bg4 8. Bf4 Bxf3 9. gxf3 Qxe2+ 10. Bxe2 Nc6 11. O-O-O O-O-O 12. Bb5 Ne5 13. Rhe1 a6 14. Ba4 f6 15. Bxe5 fxe5 16. f4 exf4 17. f3 g5 18. h3 Bg7 19. Re2 b5 20. Bb3 Rde8 21. Rde1 Kd7 22. Bf7 Rxe2 23. Rxe2 Rf8 24. Bd5 Re8 25. Rd2 c6 26. Bf7 Re7 27. Bh5 Re1+ 28. Rd1 Rxd1+ 29. Kxd1 h6 30. Bg4+ Kc7 31. Kd2 c5 32. Kd3 Kc6 33. Bf5 d5 34. c4 dxc4+ 35. Kd2 Bxb2 36. Be4+ Kd6 37. Kd1 a5 38. Kd2 b4 39. Kd1 Ke5 40. Bc6 Kd4 41. Bb5 Ke3 42. Bxc4 Kxf3 43. Be2+ Kg2 44. Ke1 f3 45. Bf1+ Kg3 46. c3 Bxc3+ 47. Kd1 Kf2 48. Ba6 Kg1 49. Kc2 f2 50. Kd1 f1=Q+ 51. Bxf1 Kxf1 52. a3 Kg2 53. axb4 Kxh3 54. Kc2 Bxb4 55. Kd3 g4 56. Ke3 g3 57. Ke2 g2 58. Kf2 Kh2 59. Ke3 g1=Q+ 60. Kd3 Qg4 61. Ke3 a4 62. Kd3 a3 63. Ke3 a2 64. Kd3 a1=Q 65. Ke3 Qa3+ 66. Kf2 Qg2# 0-1

[Event "CYCC U12"]
[Site "Quebec CAN"]
[Date "2008.07.16"]
[Round "5"]
[White "Cheng, Guy"]
[Black "Lai, Jonathan"]
[Result "0-1"]
[WhiteElo "894"]
[BlackElo "1563"]
[PlyCount "122"]
[GameId "2160767910354070"]
[EventDate "2008.07.14"]
[EventType "swiss"]
[EventRounds "7"]
[EventCountry "CAN"]
[SourceTitle "EXT 2011"]
[Source "ChessBase"]
[SourceDate "2011.11.26"]
[SourceVersion "1"]
[SourceVersionDate "2011.11.26"]
[SourceQuality "1"]

1. d4 Nf6 2. c4 g6 3. Nc3 d5 4. e3 Bg7 5. Nf3 O-O 6. Be2 b6 7. Qb3 Bb7 8. cxd5 Nxd5 9. Nxd5 Bxd5 10. Qc2 Bb7 11. O-O Nd7 12. Rd1 Nf6 13. Ne5 Be4 14. Bd3 Bxd3 15. Rxd3 Nd5 16. Bd2 e6 17. Re1 Bxe5 18. dxe5 Qe7 19. a3 c5 20. e4 Nc7 21. Rf3 Nb5 22. Rf6 Rfd8 23. Bg5 Qc7 24. Bf4 Nd4 25. Qc3 Nb5 26. Qg3 Qb7 27. Bh6 Qxe4 28. f3 Qd4+ 29. Kh1 Qxb2 30. h3 Rac8 31. Qg5 Nc7 32. Rxf7 Kxf7 33. Qf6+ Ke8 34. Qf8+ Kd7 35. Rd1+ Kc6 36. Rxd8 Rxd8 37. Qxd8 Qa1+ 38. Kh2 Qxe5+ 39. Kh1 Qd6 40. Qg8 Qd7 41. Bf4 Nd5 42. Qa8+ Kb5 43. Bc1 Nc7 44. Qe4 Qd1+ 45. Kh2 Qxc1 46. Qd3+ Ka5 47. Qd7 Nb5 48. a4 Qf4+ 49. Kh1 Qxa4 50. Qxh7 c4 51. Qxg6 c3 52. Qb1 c2 53. Qe1+ Ka6 54. Qc1 Qa2 55. Qe3 Qb1+ 56. Kh2 c1=Q 57. Qxe6 Qf4+ 58. g3 Qc2+ 59. Qe2 Qxe2+ 60. Kh1 Qfxf3+ 61. Kg1 Qfg2# 0-1

[Event "CYCC U12"]
[Site "Quebec CAN"]
[Date "2008.07.16"]
[Round "5"]
[White "Farrant-Diaz, Nathan"]
[Black "Du, Bob"]
[Result "1-0"]
[WhiteElo "1571"]
[BlackElo "1054"]
[PlyCount "73"]
[GameId "2160767910354071"]
[EventDate "2008.07.14"]
[EventType "swiss"]
[EventRounds "7"]
[EventCountry "CAN"]

1. e4 c6 2. d4 d5 3. e5 Bf5 4. Bd3 Bxd3 5. Qxd3 Nd7 6. Nf3 e6 7. O-O Ne7 8. Nc3 Nb6 9. b3 Ng6 10. a3 Be7 11. Be3 Nd7 12. Rfe1 c5 13. h3 a6 14. a4 Rc8 15. Rab1 cxd4 16. Bxd4 Bc5 17. Rbd1 Qb6 18. Bxc5 Qxc5 19. Ne4 Ngxe5 20. Nxc5 Nxd3 21. Nxd3 Rxc2 22. Rc1 Rxc1 23. Rxc1 O-O 24. Rc7 Nf6 25. Rxb7 Ra8 26. Nc5 a5 27. Ne5 g5 28. Rxf7 Rf8 29. Rxf8+ Kxf8 30. Ncd7+ Ke7 31. Nxf6 Kxf6 32. Ng4+ Kf5 33. Kf1 e5 34. f3 Kf4 35. Kf2 h5 36. Ne3 d4 37. g3# 1-0